| 000 | 00817nam a2200277Ia 4500 | ||
|---|---|---|---|
| 005 | 20220317000945.0 | ||
| 008 | 160825s1997 sp a g 000 0 spa | ||
| 020 | _a8486426642 | ||
| 082 | 0 | 4 |
_a613.28 _bB17n |
| 100 | 1 | _aBarquinero, Jorge | |
| 245 | 1 | 0 |
_aNutrir y cuidar el cuerpo _cJorge Barquinero |
| 250 | _a1a. edición | ||
| 300 |
_a46 páginas _bilustraciones, fotos _c27 cm |
||
| 490 | _aComprender la naturaleza | ||
| 650 | 1 | 4 |
_2LEMB _aNutrición |
| 650 | 1 | 4 |
_2LEMB _aAlimentos |
| 650 | 1 | 4 |
_2LEMB _aHigiene |
| 650 | 1 | 4 |
_2LEMB _aSalud |
| 650 | 1 | 4 |
_2LEMB _aDieta |
| 942 |
_2ddc _cBK |
||
| 264 |
_aBarcelona _bInstituto Monsa _c1997 |
||
| 336 |
_atexto _btxt _2rdacontent |
||
| 337 |
_asin mediación _bn _2rdamedia |
||
| 338 |
_avolumen _bnc _2rdacarrier |
||
| 040 |
_aCO-BoRNBP _bspa _erda _cCO-BoRNBP |
||
| 999 |
_c5517 _d5517 |
||